Planirovanije novoj techniky spravočnik
Salvato in:
| Natura: | Libro |
|---|---|
| Lingua: | russo |
| Pubblicazione: |
Kijev
Technika
1982
|
| Tags: |
Nessun Tag, puoi essere il primo ad aggiungerne!!
|
MARC
| LEADER | 00000nam a2200000 4500 | ||
|---|---|---|---|
| 001 | c129531 | ||
| 005 | 20260202081221.0 | ||
| 041 | 0 | |a rus | |
| 044 | |a UA | ||
| 245 | 1 | 0 | |a Planirovanije novoj techniky |b spravočnik |c Red. Valentina Petrovna Aleksandrova |
| 264 | 1 | |a Kijev |b Technika |c 1982 | |
| 300 | |a 180 s. | ||